Participación política del venezolano a inicios del siglo XXI: ¿base para la consolidación del sistema democrático nacional? = Venezuelan political participation at the beginning of the XXI century: basis for consolidation of the national democratic system? /
Salvato in:
| Autore principale: | |
|---|---|
| Altri autori: | |
| Natura: | testo |
| Tags: |
Aggiungi Tag
Nessun Tag, puoi essere il primo ad aggiungerne!!
|
MARC
| LEADER | 00000 a a2200000 04500 | ||
|---|---|---|---|
| 001 | 46819 | ||
| 003 | |||
| 040 | |||
| 090 | |a REV1025 (38) 2007 | ||
| 100 | |a Reverón, Zaira | ||
| 245 | |a Participación política del venezolano a inicios del siglo XXI: ¿base para la consolidación del sistema democrático nacional? = |b Venezuelan political participation at the beginning of the XXI century: basis for consolidation of the national democratic system? / |c Zaira Reverón, Adolfo Vargas | ||
| 700 | |a Vargas, Adolfo | ||
| 773 | |g número38 (enero-junio, 2007), páginas 29-53 | ||
| 999 | |c 32879 |d 32879 | ||
